00816nam a22001577a 4500003000900000005001700009008004100026040001300067100005900080245012500139250000600264260002900270300001700299490000900316520033300325IT-RoPau20220918175937.0121221b xxu||||| |||| 00| 0 eng d cIT-RoPau aAlberione James [Giacomo] qFondatore Famiglia Paolina aThoughts by our Founder.bThe very Rev. James Alberione, SSP Compiled and translated from the "Pauline Calendar" - 1959  aI aCanfield,OhiobSSPc1960 a95 p.c18 cm aIvI aPREFACE JANUARY FEBRUARY MARCH APRIL MAY JUNE JULY AUGUST SEPTEMBER OCTOBER NOVEMBER DECEMBER Appendix I - WALKING IN OUR WAY Appendix II - SPIRITUAL DIRECTION, by Alberione Appendix III - SPIRITUAL DIRECTION, from the proposed Catechism for the Universal Church Appendix IV - ORIENTATION CONCERNING NOVITIATE Topical Index